000 00700nam a2200217 a 4500
005 20210219153249.0
008 991125n 000 0 spa u
035 _aUPN01000087244
100 _aESCARDO I. BAS, Merce
222 _aEDUCACION Y BIBLIOTECA :
222 _bREVISTA MENSUAL DE DOCUMENTACION Y RECURSOS DIDACTICOS
245 _aMás que la cantidad de información: es importante la calidad de ésta, y aún más, la calidad y calidez del transmisor
260 _aMADRID, ESPAÑA
300 _a44-47
362 _a1996 Año 8, no. 67, abr.
653 0 _aBIBLIOTECAS
653 0 _aBIBLIOTECOLOGOS
653 0 _aCALIDAD INFORMATIVA
904 _aAC
_b025055
905 _aArticulo
999 _c72486
_d72486